00608nam a2200205 a 4500001001300000003000900013005001700022008004100039020001100080082001800091100001800109245004300127260004900170300000900219500003500228505006700263650002400330650003000354700001800384nice12345678IN_TiNIC20260116012933.0050524s1971 swia grp 000 0 eng  ac4.9500a291.172bSAM2 aSamartha, S J aDialogue Between Men of Living Faiths. aSwitzerlandbWorld Council of Churchesc1971 a127p aincludes index and biblioraphy2 apapers presented a consultation held at ajaltoun, lebnaon 1970 aInterfaith Dialogue aWorld Council of Churches1 aSamartha, S J